000 00600nam a2200229Ia 4500
001 dia_7650
003 CHAP
008 220117s1950 xx 000 0 und d
010 _a178234
040 _cCHAP
090 _aF 908 1950
110 _aSecretaria de Economía
_9103545
245 _aNorma oficial para huacales de madera para transportar fruta
260 _aMéxico :
_b Secretaria de Economía,
_c1950
300 _a5 p.
901 _aF 908 1950
902 _aA
905 _a0000001950 mx 0000000000spa00
942 _c12
942 _c12
999 _c178234
_d178234